000 00291nam a22001337a 4500
008 170602b xxu||||| |||| 00| 0 eng d
020 _a2900395904335
041 _aeng
080 _26 ED
_a94
100 _a17
101 _aSHH
245 _aWESTRN SOCIETY
_cBUCKLER.M
942 _2udc
_cBK
999 _c15771
_d15771